<?xml version="1.0" encoding="UTF-8"?>
<record
    xmlns:xsi="http://www.w3.org/2001/XMLSchema-instance"
    xsi:schemaLocation="http://www.loc.gov/MARC21/slim http://www.loc.gov/standards/marcxml/schema/MARC21slim.xsd"
    xmlns="http://www.loc.gov/MARC21/slim">

  <leader>00817nam a22002537a 4500</leader>
  <datafield tag="999" ind1=" " ind2=" ">
    <subfield code="c">7008</subfield>
    <subfield code="d">7008</subfield>
  </datafield>
  <controlfield tag="001">7554</controlfield>
  <controlfield tag="003">BD-DhUAP</controlfield>
  <controlfield tag="005">20210112123859.0</controlfield>
  <controlfield tag="008">200116s1996    nyua     b    001 0 eng d</controlfield>
  <datafield tag="020" ind1=" " ind2=" ">
    <subfield code="a">0534073387</subfield>
  </datafield>
  <datafield tag="040" ind1=" " ind2=" ">
    <subfield code="a">DLC</subfield>
    <subfield code="c">DLC</subfield>
    <subfield code="d">DLC</subfield>
    <subfield code="d">DLC</subfield>
    <subfield code="d">BD-DhUAP</subfield>
  </datafield>
  <datafield tag="082" ind1="0" ind2="0">
    <subfield code="a">651.7 HIM</subfield>
    <subfield code="2">23</subfield>
  </datafield>
  <datafield tag="100" ind1=" " ind2=" ">
    <subfield code="a">Himstreet, William C.</subfield>
  </datafield>
  <datafield tag="245" ind1=" " ind2=" ">
    <subfield code="a">Business communications : </subfield>
    <subfield code="b">principles and methods /</subfield>
    <subfield code="c">William C. Himstreet and Wayne Murlin Baty.</subfield>
  </datafield>
  <datafield tag="250" ind1=" " ind2=" ">
    <subfield code="a">8th ed.</subfield>
  </datafield>
  <datafield tag="260" ind1=" " ind2=" ">
    <subfield code="a">Boston :</subfield>
    <subfield code="b">Kent publishing,</subfield>
    <subfield code="c">c1987.</subfield>
  </datafield>
  <datafield tag="300" ind1=" " ind2=" ">
    <subfield code="a">xvi, 620 pages. :</subfield>
    <subfield code="b">illustrations ;</subfield>
    <subfield code="c">22 cm.</subfield>
  </datafield>
  <datafield tag="504" ind1=" " ind2=" ">
    <subfield code="a">Includes bibliographical references and index.</subfield>
  </datafield>
  <datafield tag="650" ind1=" " ind2=" ">
    <subfield code="a">Business communication.</subfield>
  </datafield>
  <datafield tag="650" ind1=" " ind2=" ">
    <subfield code="a">Business report writing.</subfield>
  </datafield>
  <datafield tag="700" ind1=" " ind2=" ">
    <subfield code="a">Baty, Wayne Murlin.</subfield>
  </datafield>
  <datafield tag="942" ind1=" " ind2=" ">
    <subfield code="2">ddc</subfield>
    <subfield code="c">BK</subfield>
  </datafield>
  <datafield tag="952" ind1=" " ind2=" ">
    <subfield code="0">0</subfield>
    <subfield code="1">0</subfield>
    <subfield code="2">ddc</subfield>
    <subfield code="4">0</subfield>
    <subfield code="7">0</subfield>
    <subfield code="a">UAPCL</subfield>
    <subfield code="b">DBASL</subfield>
    <subfield code="c">Reserve Stacks</subfield>
    <subfield code="d">2021-01-12</subfield>
    <subfield code="o">651.7 HIM</subfield>
    <subfield code="p">3010007554</subfield>
    <subfield code="r">2021-01-12</subfield>
    <subfield code="t">1</subfield>
    <subfield code="w">2021-01-12</subfield>
    <subfield code="y">BK</subfield>
  </datafield>
  <datafield tag="952" ind1=" " ind2=" ">
    <subfield code="0">0</subfield>
    <subfield code="1">0</subfield>
    <subfield code="2">ddc</subfield>
    <subfield code="4">0</subfield>
    <subfield code="7">0</subfield>
    <subfield code="a">UAPCL</subfield>
    <subfield code="b">DBASL</subfield>
    <subfield code="c">Reserve Stacks</subfield>
    <subfield code="d">2021-01-12</subfield>
    <subfield code="o">651.7 HIM</subfield>
    <subfield code="p">3010007556</subfield>
    <subfield code="r">2021-01-12</subfield>
    <subfield code="t">2</subfield>
    <subfield code="w">2021-01-12</subfield>
    <subfield code="y">BK</subfield>
  </datafield>
  <datafield tag="952" ind1=" " ind2=" ">
    <subfield code="0">0</subfield>
    <subfield code="1">0</subfield>
    <subfield code="2">ddc</subfield>
    <subfield code="4">0</subfield>
    <subfield code="7">0</subfield>
    <subfield code="a">UAPCL</subfield>
    <subfield code="b">DBASL</subfield>
    <subfield code="c">Reserve Stacks</subfield>
    <subfield code="d">2021-01-12</subfield>
    <subfield code="o">651.7 HIM</subfield>
    <subfield code="p">3010007553</subfield>
    <subfield code="r">2021-01-12</subfield>
    <subfield code="t">3</subfield>
    <subfield code="w">2021-01-12</subfield>
    <subfield code="y">BK</subfield>
  </datafield>
  <datafield tag="952" ind1=" " ind2=" ">
    <subfield code="0">0</subfield>
    <subfield code="1">0</subfield>
    <subfield code="2">ddc</subfield>
    <subfield code="4">0</subfield>
    <subfield code="7">0</subfield>
    <subfield code="a">UAPCL</subfield>
    <subfield code="b">DBASL</subfield>
    <subfield code="c">Reserve Stacks</subfield>
    <subfield code="d">2021-01-12</subfield>
    <subfield code="o">651.7 HIM</subfield>
    <subfield code="p">3010007552</subfield>
    <subfield code="r">2021-01-12</subfield>
    <subfield code="t">4</subfield>
    <subfield code="w">2021-01-12</subfield>
    <subfield code="y">BK</subfield>
  </datafield>
  <datafield tag="952" ind1=" " ind2=" ">
    <subfield code="0">0</subfield>
    <subfield code="1">0</subfield>
    <subfield code="2">ddc</subfield>
    <subfield code="4">0</subfield>
    <subfield code="7">0</subfield>
    <subfield code="a">UAPCL</subfield>
    <subfield code="b">DBASL</subfield>
    <subfield code="c">Reserve Stacks</subfield>
    <subfield code="d">2021-01-12</subfield>
    <subfield code="o">651.7 HIM</subfield>
    <subfield code="p">3010007555</subfield>
    <subfield code="r">2021-01-12</subfield>
    <subfield code="t">5</subfield>
    <subfield code="w">2021-01-12</subfield>
    <subfield code="y">BK</subfield>
  </datafield>
  <datafield tag="952" ind1=" " ind2=" ">
    <subfield code="0">0</subfield>
    <subfield code="1">0</subfield>
    <subfield code="2">ddc</subfield>
    <subfield code="4">0</subfield>
    <subfield code="7">0</subfield>
    <subfield code="a">UAPCL</subfield>
    <subfield code="b">DBASL</subfield>
    <subfield code="c">Reserve Stacks</subfield>
    <subfield code="d">2021-01-12</subfield>
    <subfield code="o">651.7 HIM</subfield>
    <subfield code="p">3010007550</subfield>
    <subfield code="r">2021-01-30</subfield>
    <subfield code="t">6</subfield>
    <subfield code="w">2021-01-12</subfield>
    <subfield code="y">BK</subfield>
  </datafield>
  <datafield tag="952" ind1=" " ind2=" ">
    <subfield code="0">0</subfield>
    <subfield code="1">0</subfield>
    <subfield code="2">ddc</subfield>
    <subfield code="4">0</subfield>
    <subfield code="7">0</subfield>
    <subfield code="a">UAPCL</subfield>
    <subfield code="b">UAPCL</subfield>
    <subfield code="c">Reserve Stacks</subfield>
    <subfield code="d">2021-01-30</subfield>
    <subfield code="o">651.7 HIM</subfield>
    <subfield code="p">3010007547</subfield>
    <subfield code="r">2021-01-30</subfield>
    <subfield code="t">7</subfield>
    <subfield code="w">2021-01-30</subfield>
    <subfield code="y">BK</subfield>
  </datafield>
  <datafield tag="952" ind1=" " ind2=" ">
    <subfield code="0">0</subfield>
    <subfield code="1">0</subfield>
    <subfield code="2">ddc</subfield>
    <subfield code="4">0</subfield>
    <subfield code="7">0</subfield>
    <subfield code="a">UAPCL</subfield>
    <subfield code="b">UAPCL</subfield>
    <subfield code="c">Reserve Stacks</subfield>
    <subfield code="d">2021-01-30</subfield>
    <subfield code="o">651.7 HIM</subfield>
    <subfield code="p">3010007548</subfield>
    <subfield code="r">2021-01-30</subfield>
    <subfield code="t">8</subfield>
    <subfield code="w">2021-01-30</subfield>
    <subfield code="y">BK</subfield>
  </datafield>
  <datafield tag="952" ind1=" " ind2=" ">
    <subfield code="0">0</subfield>
    <subfield code="1">0</subfield>
    <subfield code="2">ddc</subfield>
    <subfield code="4">0</subfield>
    <subfield code="7">0</subfield>
    <subfield code="a">UAPCL</subfield>
    <subfield code="b">UAPCL</subfield>
    <subfield code="c">Reserve Stacks</subfield>
    <subfield code="d">2021-01-30</subfield>
    <subfield code="o">651.7 HIM</subfield>
    <subfield code="p">3010007549</subfield>
    <subfield code="r">2021-01-30</subfield>
    <subfield code="t">9</subfield>
    <subfield code="w">2021-01-30</subfield>
    <subfield code="y">BK</subfield>
  </datafield>
  <datafield tag="952" ind1=" " ind2=" ">
    <subfield code="0">0</subfield>
    <subfield code="1">0</subfield>
    <subfield code="2">ddc</subfield>
    <subfield code="4">0</subfield>
    <subfield code="7">0</subfield>
    <subfield code="a">UAPCL</subfield>
    <subfield code="b">UAPCL</subfield>
    <subfield code="c">Reserve Stacks</subfield>
    <subfield code="d">2021-01-30</subfield>
    <subfield code="o">651.7 HIM</subfield>
    <subfield code="p">3010007551</subfield>
    <subfield code="r">2021-01-30</subfield>
    <subfield code="t">10</subfield>
    <subfield code="w">2021-01-30</subfield>
    <subfield code="y">BK</subfield>
  </datafield>
</record>
